00726nab a2200193 i 4500001000400000003000400004005001700008008003900025040000800064080001000072100011500082245007300197260001000270500002100280520006400301650001800365650001600383773013300399BPPBPK20140605135809.0140605s1999 pl f |000 0 pol cBPK a81'27 aPLUTA, Zdzisław.d1996 - .bPolitechnika Koszalińska - Wydział Mechaniczny,cKatedra Mechaniki Precyzyjnej aRacjonalna barwa kolorowej terminologii naukowej /cZdzisław Pluta. c1999. aDane z autopsji. aRefleksje autora na temat języka naukowego i poetyckiego. 0aTerminologia. aStylistyka. iW :tKoszalińskie Studia i Materiały. -dKoszalin : Wydaw. Uczelniane Politechniki Koszalińskiej, 1999. -gnr 1, s. 219-225